Statistics for Asian Capitals Ending in Vowels

Click here to take the quiz!

General Stats

  • This quiz has been taken 125 times
    (123 since last reset)
  • The average score is 20 of 25

Answer Stats

Capital% Correct
New Delhi
97%
Tokyo
97%
Jakarta
95%
Taipei
93%
Dili
92%
Manila
92%
Sana'a
92%
Hanoi
90%
Doha
87%
Vientiane
87%
Baku
86%
Manama
85%
Ankara
84%
Dhaka
84%
Male
84%
Singapore
84%
Abu Dhabi
80%
Kathmandu
80%
Tbilisi
79%
Dushanbe
78%
Thimphu
77%
Astana
76%
Nicosia
76%
Kuwait City
58%
Sri Jayanwardenepura Kotte
16%

Score Distribution

Percentile by Number Answered

Percent of People with Each Score

Your Score History

You have not taken this quiz since the last reset